000 00366 a2200169 4500
001 190281
020 _a978-85-08-03730-8
040 _cMagnum
100 _aFrança, Mary
240 1 0 _aPato magro e pato gordo
_lpor
245 1 0 _aPato magro e pato gordo
300 _a16
362 0 _a2009
440 1 _aÁtica
697 _aLITERATURA INFANTIL
942 _cBK
999 _c190281
_d190281